| 000 -LEADER |
| fixed length control field |
02174nam a2200289 a 4500 |
| 001 - CONTROL NUMBER |
| control field |
ASIN0415629977 |
| 005 - DATE AND TIME OF LATEST TRANSACTION |
| control field |
20170105102930.0 |
| 008 - FIXED-LENGTH DATA ELEMENTS--GENERAL INFORMATION |
| fixed length control field |
140115s2013 xxu eng d |
| 020 ## - INTERNATIONAL STANDARD BOOK NUMBER |
| International Standard Book Number |
0415629977 (hardcover) |
| Terms of availability |
$145.00 |
| 020 ## - INTERNATIONAL STANDARD BOOK NUMBER |
| International Standard Book Number |
9780415629973 (hardcover) |
| 040 ## - CATALOGING SOURCE |
| Original cataloging agency |
0 |
| 050 04 - LIBRARY OF CONGRESS CALL NUMBER |
| Classification number |
JQ1769.A15 |
| 082 04 - DEWEY DECIMAL CLASSIFICATION NUMBER |
| Classification number |
954.96 |
| Author Mark |
SAJ 2013 |
| 100 1# - MAIN ENTRY--PERSONAL NAME |
| Personal name |
Sajjad, Tazreena. |
| 245 10 - TITLE STATEMENT |
| Title |
Transitional justice in south asia : |
| Remainder of title |
a study of afghanistan and nepal / |
| Statement of responsibility, etc. |
Tazreena Sajjad. |
| 260 ## - PUBLICATION, DISTRIBUTION, ETC. |
| Place of publication, distribution, etc. |
[S.l.] : |
| Name of publisher, distributor, etc. |
Routledge, |
| Date of publication, distribution, etc. |
2013. |
| 300 ## - PHYSICAL DESCRIPTION |
| Extent |
248 p. ; |
| Dimensions |
24 cm. |
| 490 1# - SERIES STATEMENT |
| Series statement |
Routledge contemporary south asia series. |
| 520 ## - SUMMARY, ETC. |
| Summary, etc. |
Offering a comparative case study of transitional justice processes in Afghanistan and Nepal, this book critically evaluates the way the "local" is consulted in post-conflict efforts toward peace and reconciliation. It argues that there is a tendency in transitional justice efforts to contain the discussion of the "local" within religious and cultural parameters, thus engaging only with a "static local," as interpreted by certain local stakeholders. Based on data collected through interviews and participant observation carried out in the civil societies of the respective countries, this book brings attention to a "dynamic local," where societal norms evolve, and realities on the ground are shaped by shifting power dynamics, local hierarchies, and inequalities between actors. It suggests that the "local" must be understood as an inter-subjective concept, the meaning of which is not only an evolving and moving target, but also dependent on who is consulted to interpret it to external actors. This timely book engages with the divergent range of civil society voices and offers ways to move forward by including their concerns in the efforts to help impoverished war-torn societies transition from a state of war to the conditions of peace. |
| 650 #0 - SUBJECT ADDED ENTRY--TOPICAL TERM |
| Topical term or geographic name entry element |
Afghanistan |
| 650 #0 - SUBJECT ADDED ENTRY--TOPICAL TERM |
| Topical term or geographic name entry element |
Civil society |
| 650 #0 - SUBJECT ADDED ENTRY--TOPICAL TERM |
| Topical term or geographic name entry element |
Justice, Administration of |
| 650 #0 - SUBJECT ADDED ENTRY--TOPICAL TERM |
| Topical term or geographic name entry element |
Nepal |
| 830 #0 - SERIES ADDED ENTRY--UNIFORM TITLE |
| Uniform title |
Routledge contemporary south asia series. |
| 856 40 - ELECTRONIC LOCATION AND ACCESS |
| Materials specified |
Amazon.com |
| Uniform Resource Identifier |
<a href="http://www.amazon.com/exec/obidos/ASIN/0415629977/chopaconline-20">http://www.amazon.com/exec/obidos/ASIN/0415629977/chopaconline-20</a> |
| 942 ## - ADDED ENTRY ELEMENTS (KOHA) |
| Source of classification or shelving scheme |
|
| Koha item type |
Book |